skbl

Dr Suryya Kumar Bhuyan Library Web-OPAC
ডঃ সূৰ্য্য
কুমাৰ ভূঞা পুথিভঁৰাল ৱেব-অ'পেক

All Research Scholars are advised to clear the annual library fees to continue using Library Resources, Remote Access, Plagiarism Test and Library Clearance.

Cotton University Book Fair 2026

First report of the united provinces : labour enquiry comittee 1946-48 / (Record no. 44035)

MARC details
000 -LEADER
fixed length control field 00608nam a2200205Ia 4500
001 - CONTROL NUMBER
control field 44069
005 - DATE AND TIME OF LATEST TRANSACTION
control field 20240114003614.0
007 - PHYSICAL DESCRIPTION FIXED FIELD--GENERAL INFORMATION
fixed length control field ta
008 - FIXED-LENGTH DATA ELEMENTS--GENERAL INFORMATION
fixed length control field 090219s a g b000 u 903 u
040 ## - CATALOGING SOURCE
Original cataloging agency Cotton college,Assam
041 ## - LANGUAGE CODE
Language code of text/sound track or separate title 903
082 ## - DEWEY DECIMAL CLASSIFICATION NUMBER
Classification number 331.06
Item number Un 3 Fi
100 ## - MAIN ENTRY--PERSONAL NAME
Personal name Labour enquiry comittee, .
245 #0 - TITLE STATEMENT
Title First report of the united provinces : labour enquiry comittee 1946-48 /
Statement of responsibility, etc. Labour enquiry comittee.
Medium Textual Documents
300 ## - PHYSICAL DESCRIPTION
Extent 526p. :
Other physical details Thoroghly illustrated ;
Dimensions 28 cm. .
653 ## - INDEX TERM--UNCONTROLLED
Uncontrolled term T/G-Economics
942 ## - ADDED ENTRY ELEMENTS (KOHA)
Source of classification or shelving scheme Dewey Decimal Classification
Koha item type Books
Holdings
Withdrawn status Lost status Damaged status Not for loan Collection Home library Current library Date acquired Coded location qualifier Total checkouts Full call number Barcode Date last seen Copy number Price effective from Koha item type
          Dr. Suryya Kumar Bhuyan Library Dr. Suryya Kumar Bhuyan Library 01/02/2012 00000   331.06 Un 3 Fi 25341 14/01/2024 1 01/02/2012 Books

Designed and Maintained by Team SKBL
©1901-2026

Powered by Koha